000 00496cam a2200157 4500500
005 20260322014208.0
041 _afre
042 _adc
100 1 0 _aSimon, Jean-Claude
_eauthor
700 1 0 _aJoindot, Michel
_eauthor
245 0 0 _aSemiconductor optical amplifier
260 _c2026.
500 _a35
786 0 _nOptics and photonics | - | 2026-03-05 | p. 11-11
856 4 1 _uhttps://stm.cairn.info/optical-telecommunications--bdti42454210-e7007-page-11?lang=en&redirect-ssocas=7080
999 _c1787139
_d1787139